| 000 -LEADER | |
|---|---|
| fixed length control field | 00402nam a22001577a 4500 |
| 005 - DATE AND TIME OF LATEST TRANSACTION | |
| control field | 20240118132701.0 |
| 008 - FIXED-LENGTH DATA ELEMENTS--GENERAL INFORMATION | |
| fixed length control field | 240118b |||||||| |||| 00| 0 eng d |
| 020 ## - INTERNATIONAL STANDARD BOOK NUMBER | |
| ISBN | 978-8-928141-4-2 |
| 041 ## - LANGUAGE CODE | |
| Language code of text/sound track or separate title | eng |
| 100 ## - MAIN ENTRY--AUTHOR NAME | |
| Personal name | SWAMI, VEVEKANAND |
| 245 ## - TITLE STATEMENT | |
| Title | VYAKTITVA KA VIKAS: PERSONALITY DEVELOPMENT |
| 260 ## - PUBLICATION, DISTRIBUTION, ETC. (IMPRINT) | |
| Place of publication | NAGPUR |
| Name of publisher | RAMKRISHAN MATTH |
| 300 ## - PHYSICAL DESCRIPTION | |
| Number of Pages | 47;P |
| 650 ## - SUBJECT ADDED ENTRY--TOPICAL TERM | |
| Topical Term | LIFE SKILL |
| 942 ## - ADDED ENTRY ELEMENTS (KOHA) | |
| Koha item type | Books |
| Lost status | Damaged status | Collection code | Home library | Current library | Shelving location | Date acquired | Source of acquisition | Cost, normal purchase price | Accession Number | Koha item type |
|---|---|---|---|---|---|---|---|---|---|---|
| LIFE SKILL | JRU Library | JRU Library | SHELF-43-B | 17/01/2024 | PURCHASE [57/2023-24] | 20.00 | 28183 | Books | ||
| LIFE SKILL | JRU Library | JRU Library | SHELF-43-B | 17/01/2024 | PURCHASE [57/2023-24] | 20.00 | 28184 | Books | ||
| LIFE SKILL | JRU Library | JRU Library | SHELF-43-B | 17/01/2024 | PURCHASE [57/2023-24] | 20.00 | 28185 | Books |